|
|
|
|
| LEADER |
01420nam a2200361 a 4500 |
| 001 |
000428379 |
| 003 |
CZ BrMZK |
| 005 |
20260324113717.0 |
| 007 |
ta |
| 008 |
990315s1999 xr a e p 0 cze d |
| 015 |
|
|
|a cnb000737747
|
| 020 |
|
|
|a 80-7082-523-5
|
| 035 |
|
|
|a (OCoLC)43261974
|
| 040 |
|
|
|a BOA001
|b cze
|
| 072 |
|
7 |
|a 621.3
|x Elektrotechnika
|2 Konspekt
|9 19
|
| 072 |
|
7 |
|a 37.016
|x Učební osnovy. Vyučovací předměty. Učebnice
|2 Konspekt
|9 22
|
| 080 |
|
|
|a 621.311.22/.23
|2 MRF
|
| 080 |
|
|
|a (075.8)
|2 MRF
|
| 100 |
1 |
|
|a Dvorský, Emil,
|d 1955-
|7 ola2003206366
|4 aut
|
| 245 |
1 |
0 |
|a Elektrárny :
|b zvyšování účinnosti přeměn energie v tepelných elektrárnách : příklady /
|c E. Dvorský, P. Hejtmánková
|
| 250 |
|
|
|a 1. vyd.
|
| 260 |
|
|
|a Plzeň :
|b Západočeská univerzita,
|c 1999
|
| 300 |
|
|
|a 184 s. :
|b il. ;
|c 20 cm +
|e 1 diagram.
|
| 500 |
|
|
|a Určeno pro stud. FEL/EE4
|
| 504 |
|
|
|a Obsahuje bibliografii
|
| 650 |
0 |
7 |
|a tepelné elektrárny
|7 ph126579
|2 czenas
|
| 655 |
|
7 |
|a učebnice vysokých škol
|7 fd133772
|2 czenas
|
| 700 |
1 |
|
|a Hejtmánková, Pavla,
|d 1964-
|7 ola2003206368
|4 aut
|
| 910 |
|
|
|a BOA001
|b 2-1061.287
|b TK-0265.092
|
| 920 |
|
|
|a cnb000737747
|
| 990 |
|
|
|a BK
|
| 996 |
6 |
|
|b 2610066415
|c 2-1061.287
|l MZK
|r Sklad / do 1 hodiny
|n 16
|p p.v.
|w 000428379
|u 000010
|a 1
|e BOA001
|j MZK50
|s P
|
| 996 |
7 |
|
|b 2620014822
|c TK-0265.092
|l MZK
|r Sklad / do 24 hodin
|n 12
|p kup
|w 000428379
|u 000020
|a 1
|e BOA001
|j MZK50
|s A
|